Statistics for All UEFA Europa League teams ever

Click here to take the quiz!

General Stats

  • This quiz has been taken 568 times
    (401 since last reset)
  • The average score is 99 of 214

Answer Stats

NationAnswerDebut% Correct
EnglandManchester United2016–17
86%
EnglandArsenal2017–18
85%
FranceParis Saint-Germain2010–11
85%
AustriaRapid Wien2009–10
85%
ItalyInternazionale2014–15
84%
FranceMarseille2012–13
84%
EnglandChelsea2018–19
83%
ItalyMilan2017–18
83%
EnglandTottenham Hotspur2011–12
83%
NetherlandsAjax2009–10
82%
EnglandManchester City2010–11
82%
BelgiumAnderlecht2009–10
81%
ItalyJuventus2010–11
81%
ItalyRoma2009–10
80%
EnglandLiverpool2010–11
79%
PortugalPorto2010–11
79%
NetherlandsPSV Eindhoven2009–10
79%
AustriaRed Bull Salzburg2009–10
79%
PortugalBenfica2009–10
78%
GermanyBorussia Dortmund2010–11
78%
BelgiumGenk2012–13
78%
FranceLyon2012–13
78%
DenmarkCopenhagen2009–10
77%
PortugalSporting CP2009–10
77%
ItalyLazio2009–10
76%
NetherlandsFeyenoord2014–15
74%
GreeceAEK Athens2009–10
73%
EnglandEverton2009–10
73%
BelgiumGent2010–11
72%
EnglandLeicester City2020–21
72%
GreeceOlympiacos2018–19
72%
Czech RepublicSparta Prague2009–10
72%
CyprusAPOEL2013–14
71%
AustriaAustria Wien2009–10
71%
ScotlandCeltic2009–10
71%
CroatiaDinamo Zagreb2009–10
71%
ItalyNapoli2010–11
71%
GermanyWolfsburg2014–15
71%
GermanyBayer Leverkusen2010–11
70%
BelgiumClub Brugge2009–10
70%
Czech RepublicSlavia Prague2009–10
70%
FranceLille2009–10
69%
ScotlandRangers2018–19
69%
RussiaCSKA Moscow2010–11
68%
SpainSevilla2010–11
68%
SpainAtlético Madrid2010–11
67%
PortugalBraga2011–12
67%
FranceAS Monaco2015–16
66%
UkraineDynamo Kyiv2010–11
66%
ItalyFiorentina2013–14
66%
CroatiaHajduk Split2010–11
66%
SerbiaRed Star Belgrade2017–18
66%
GermanySchalke 042011–12
66%
RussiaZenit Saint Petersburg2010–11
66%
AzerbaijanQarabağ2014–15
65%
SpainValencia2009–10
65%
BelarusBATE Borisov2009–10
64%
EnglandNewcastle United2012–13
64%
EnglandWolverhampton Wanderers2019–20
64%
KazakhstanAstana2016–17
63%
GermanyHamburger SV2009–10
63%
PolandLegia Warsaw2011–12
63%
ItalyAtalanta2017–18
62%
GermanyWerder Bremen2009–10
62%
FranceBordeaux2012–13
60%
GreecePanathinaikos2009–10
60%
SpainAthletic Bilbao2009–10
59%
NetherlandsAZ2010–11
59%
SwitzerlandBasel2009–10
59%
RomaniaFCSB2009–10
59%
IsraelMaccabi Tel Aviv2011–12
59%
GreecePAOK2010–11
59%
GermanyBorussia Mönchengladbach2012–13
58%
BulgariaCSKA Sofia2009–10
58%
SerbiaPartizan2009–10
57%
BelgiumStandard Liège2011–12
57%
SwitzerlandYoung Boys2010–11
57%
HungaryFerencváros2019–20
56%
TurkeyGalatasaray2009–10
56%
BulgariaLudogorets Razgrad2013–14
56%
SwedenMalmö FF2011–12
56%
FranceStade Rennais2011–12
56%
RussiaLokomotiv Moscow2011–12
55%
BelgiumRoyal Antwerp2020–21
55%
ItalySampdoria2010–11
55%
EnglandFulham2009–10
54%
ItalyTorino2014–15
54%
ItalyUdinese2011–12
54%
TurkeyBeşiktaş2010–11
53%
GermanyEintracht Frankfurt2013–14
53%
IsraelMaccabi Haifa2011–12
53%
GermanyStuttgart2010–11
53%
SpainVillarreal2009–10
53%
GermanyHertha BSC2009–10
51%
AustriaLASK Linz2019–20
51%
SpainReal Betis2013–14
51%
NorwayRosenborg2010–11
51%
EnglandSouthampton2016–17
51%
Czech RepublicViktoria Plzeň2012–13
51%
RomaniaCFR Cluj2009–10
50%
TurkeyFenerbahçe2009–10
50%
NorwayMolde2012–13
50%
FranceNice2016–17
50%
FranceSaint-Étienne2014–15
50%
NetherlandsTwente2009–10
50%
ItalyGenoa2009–10
49%
GermanyKöln2017–18
49%
SpainReal Sociedad2017–18
48%
PolandLech Poznań2010–11
47%
AustriaSturm Graz2009–10
47%
SwitzerlandZürich2011–12
47%
SloveniaMaribor2011–12
46%
MoldovaSheriff Tiraspol2009–10
44%
Germany1899 Hoffenheim2017–18
42%
BulgariaLevski Sofia2009–10
42%
CyprusAEL Limassol2012–13
41%
Republic of IrelandDundalk2016–17
41%
FinlandHJK2014–15
41%
RussiaKrasnodar2014–15
41%
CroatiaRijeka2013–14
41%
EnglandWigan Athletic2013–14
41%
DenmarkAalborg2014–15
40%
BelarusDinamo Minsk2014–15
40%
IsraelHapoel Tel Aviv2009–10
40%
ItalyPalermo2010–11
40%
GermanyAugsburg2015–16
39%
LuxembourgF91 Dudelange2018–19
38%
SpainGetafe2010–11
38%
GermanyHannover 962011–12
38%
RussiaRubin Kazan2010–11
38%
SwedenAIK2012–13
37%
SpainEspanyol2019–20
37%
ItalySassuolo2016–17
37%
SlovakiaSlovan Bratislava2011–12
37%
GermanyFreiburg2013–14
36%
AlbaniaSkënderbeu Korçë2015–16
36%
NetherlandsUtrecht2010–11
36%
NetherlandsVitesse2017–18
36%
AustriaWolfsberger AC2019–20
36%
GermanyMainz 052016–17
35%
EnglandStoke City2011–12
35%
FranceToulouse2009–10
35%
PortugalVitória de Guimarães2013–14
35%
GreeceAris Thessaloniki2010–11
34%
SpainCelta Vigo2016–17
34%
HungaryDebrecen2010–11
34%
DenmarkMidtjylland2015–16
34%
UkraineShakhtar Donetsk2009–10
34%
TurkeyTrabzonspor2013–14
34%
PolandWisła Kraków2011–12
34%
Turkeyİstanbul Başakşehir2017–18
33%
Republic of IrelandShamrock Rovers2011–12
32%
EnglandSwansea City2013–14
32%
IsraelHapoel Be'er Sheva2016–17
31%
NetherlandsHeerenveen2009–10
31%
Czech RepublicSlovan Liberec2013–14
31%
CyprusApollon Limassol2013–14
30%
EnglandBirmingham City2011–12
29%
UkraineDnipro Dnipropetrovsk2012–13
29%
NetherlandsGroningen2015–16
28%
PortugalRio Ave2014–15
27%
North MacedoniaVardar2017–18
27%
RomaniaDinamo București2009–10
26%
AzerbaijanNeftchi Baku2012–13
26%
BelgiumZulte Waregem2013–14
26%
CyprusAEK Larnaca2011–12
25%
RussiaDynamo Moscow2014–15
25%
HungaryMOL Vidi2012–13
25%
SpainLevante2012–13
24%
DenmarkOdense2010–11
23%
RussiaAnzhi Makhachkala2012–13
22%
PortugalBelenenses2015–16
22%
SwitzerlandThun2013–14
21%
GreeceAsteras Tripoli2014–15
20%
AzerbaijanGabala2015–16
20%
PortugalAcadémica2012–13
19%
FranceGuingamp2014–15
19%
Czech RepublicJablonec2018–19
19%
PortugalMarítimo2012–13
19%
RomaniaRapid București2011–12
18%
TurkeySivasspor2020–21
18%
NorwayTromsø2013–14
18%
PortugalPaços de Ferreira2013–14
17%
SwitzerlandSion2015–16
17%
SwedenHelsingborg2012–13
16%
UkraineMetalist Kharkiv2010–11
16%
SwitzerlandSt Gallen2013–14
16%
Czech RepublicZlín2017–18
16%
UkraineZorya Luhansk2016–17
16%
PortugalEstoril2013–14
15%
SwitzerlandLausanne-Sport2010–11
15%
SwitzerlandLugano2017–18
15%
LatviaVentspils2009–10
15%
RomaniaAstra Giurgiu2014–15
14%
PortugalNacional2009–10
13%
SlovakiaSpartak Trnava2018–19
13%
BelgiumSporting Lokeren2014–15
13%
TurkeyKonyaspor2016–17
12%
SwedenÖstersund2017–18
12%
NorwaySarpsborg 082018–19
12%
KazakhstanShakhter Karagandy2013–14
12%
UkraineKarpaty Lviv2010–11
11%
RussiaKuban Krasnodar2013–14
11%
DenmarkEsbjerg2013–14
10%
RomaniaPolitehnica Timișoara2009–10
10%
RomaniaVaslui2011–12
10%
UkraineVorskla Poltava2011–12
10%
TurkeyAkhisarspor2018–19
9%
SwedenElfsborg2013–14
9%
IsraelIroni Kiryat Shmona2012–13
9%
TurkeyOsmanlispor2016–17
8%
UkraineChornomorets Odesa2013–14
7%
UkraineOleksandriya2019–20
7%
RomaniaPandurii Târgu Jiu2013–14
7%

Score Distribution

Percentile by Number Answered

Percent of People with Each Score

Your Score History

You have not taken this quiz since the last reset